Medicine and Anatomy by Letter - B - Statistics

General Stats
  • This quiz has been taken 6,137 times
  • The average score is 17 of 22
Answer Stats
Hint Answer % Correct
Bodily fluid that carries oxygen, nutrients and waste to and from cells Blood
98%
The most energy consuming organ, located in the skull Brain
98%
Storage organ for urine produced in the kidneys Bladder
94%
This should normally be 120/80, but is too high in many people Blood pressure
92%
'Harmless', the opposite of malignant when talking about tumours Benign
91%
Bodily fluid produced by the liver and stored in the gallbladder Bile
91%
When you get a mammogram, a scan is made of this organ Breast
91%
Psychiatric disorder characterized by periods of depression and mania {Bipolar} Disorder
90%
An indication of how healthy someones weight is, with a healthy range being 18.5-25 Body mass index
90%
Single celled organisms that cause diseases like tuberculosis and cholera Bacteria
89%
The deadliest pandemic in human history, killed between 75 and 200 million Black Death
88%
An airway that branches from the trachea and conducts air to the lungs Bronchus
80%
Original insertion of the umbilical cord, in the centre of your stomach Belly button
79%
A small, living piece of tissue that is taken for study under the microscope Biopsy
77%
Common name for the bone that is made up of vertebrae Backbone
70%
A large muscle in the upper arm that flexes the arm {Biceps} brachii
70%
A pocket of fluid in the skin, can be caused by friction or burning among others Blister
70%
Common name for the sternum, the bone at the front of the ribcage Breastbone
59%
A kind of white blood cell that produces antibodies to help fight infection B-lymphocyte
46%
Vital part of the brain that plays a role in consciousness, breathing and heart rate Brainstem
45%
A waste compound of red blood cells, can cause the skin to turn yellow if it builds up Bilirubin
40%
An addictive group of of sleep and anxiety medications, such as Valium Benzodiazepines
39%
No matching quizzes found
Score Distribution
Percent of People with Each Score
Percentile by Number Answered
Your Score History
You have not taken this quiz